Prt̀ica trabalhista. Cl̀culos. 17® ediȯ̂ /

Detalles Bibliográficos
Autor principal: Chaves Cortez, Julpiano
Formato: eBook
Lenguaje:portugués
Publicado: San Pablo: LTR Editora, 2014
Materias:
Acceso en línea:Acceso restringido

MARC

LEADER 00000nam a22000007a 4500
005 2014071609399.0
007 cr|||| ||||
008 140716s2014 br |||||s|||| 00||0 por d
020 |a 978-85-361-2929-7 
035 |a 12310 
040 |a vLex 
090 |c 5090  |d 5090 
100 1 |a Chaves Cortez, Julpiano 
245 1 0 |a Prt̀ica trabalhista.  |h [Recurso electrn̤ico] :  |b Cl̀culos. 17® ediȯ̂ /  |c Julpiano Chaves Cortez 
256 |a Servicio en ln̕ea 
260 |a San Pablo:  |b LTR Editora,  |c 2014 
300 |a 1 recurso electrn̤ico 
500 |a Neste livro, o autor analisa o universo das queste̳s prt̀icas trabalhistas que envolvem cl̀culos, sem esquecer, em cada instituto estudado, a fundamentaȯ̂ legal, jurisprudencial e doutrinr̀ia. Desta obra constam os seguintes assuntos: horas extraordinr̀ias, trabalho noturno, repouso semanal remunerado, salr̀io e seus complementos, salr̀io mn̕imo, salr̀io-faml̕ia, fřias na vign̊cia e na cessaȯ̂ do contrato, adicionais de insalubridade e de periculosidade, salr̀io-maternidade, 13ð salr̀io na vign̊cia e na cessaȯ̂ do contrato, aviso prv̌io e as diversas formas de cessaȯ̂ do contrato de trabalho por prazo determinado e indeterminado. Do livro ainda constam outros assuntos de relevo, como o disciplinamento da atividade dos tčnicos em radiologia, do seguro-desemprego, do menor aprendiz e do vale-transporte, alm̌ de fr̤mulas que facilitam os cl̀culos trabalhistas, uma tabela de incidn̊cia de INSS, FGTS e Imposto de Renda e outra com todos os valores do salr̀io mn̕imo. Esta 17® ediȯ̂ est ̀revisada e atualizada de acordo com a legislaȯ̂ pertinente, bem como, em relaȯ̂ ̉jurisprudn̊cia uniformizada do TST, por meio da Resoluȯ̂ n. 185/2012, (Sm︢ulas, Orientaė̳s Jurisprudenciais do TST-Pleno, SDI-1, inclusive as Transitr̤ias, SDI-2, da SDC e Precedentes Normativos), e s̉ Sm︢ulas do STF e STJ pertinentes a r̀ea trabalhista. 
506 1 |a Disponible solo en los productos indicados  |d vLex Global  |d vLex Global (Academic Edition, excluding Law Schools)  |d vLex Global (U.S. Academic Edition, Law Schools)  |d vLex Global (U.S. Academic Edition, excluding Law Schools)  |d vLex Global (Academic Edition, Law Schools) 
650 0 4 |a Derecho Laboral y Seguridad Social  |z Brasil 
740 0 |a vLex Libros (Servicio en ln̕ea) 
856 4 0 |u http://vlex.com/source/pratica-trabalhista-calculos-17-edi-o-12310  |z Acceso restringido 
942 |c BOOK 
999 0 |a Labor Law and Social Security